00678nam a2200205 u 450000100070000000500170000700800410002403500110006504000130007604100080008908200080009710000370010524501800014226000430032230000140036565000180037965000250039765000250042265000250044750426920260506083125.0990820s1999 ||||||m| spa  a504269 ccomduadb aspa 4a56510aYepes, Gerardo Alberto4auteaut10aVariacion altitudinal de la estructura numerica y la biodiversidad de la taxocenosis de ephemeroptera en las zonas sur, central y norte del departamento de Antioquia, Colombia aMedellín :b[sin publicador],c1999. aca. 28 h. aEfemeropteros aAntioquia (Colombia) 0aInsectos acuáticos 7aBiodiversidad2embne